15 najludniejszych państw Azji - Statystyki

Ogólne statystyki
  • Ten quiz został rozwiązany 117 razy
    87 od ostatniego zresetowania
  • Średni wynik to 13 z 15
Statystyki odpowiedzi
Ludność Państwo % Poprawnych
1,402,000,000 Chiny
100%
1,380,000,000 Indie
99%
125,800,000 Japonia
96%
273,500,000 Indonezja
92%
83,990,000 Iran
92%
51,780,000 Korea południowa
91%
220,900,000 Pakistan
88%
69,800,000 Tajlandia
88%
97,340,000 Wietnam
88%
109,600,000 Filipiny
87%
84,340,000 Turcja
86%
40,220,000 Irak
84%
164,700,000 Bangladesz
79%
38,930,000 Afganistan
78%
54,410,000 Mjanma
68%
Nie znaleziono quizów pasujących do podanych kryteriów
Rozkład punktacji
Procent ludzi z każdym wynikiem
Percentyl według liczby udzielonych odpowiedzi
Twoja historia wyników
Nie rozwiązałeś tego quizu od ostatniego zresetowania